00504 2200181 4500001002100000005001500021035002000036245008200056100003000138250001100168300002600179260003500205082001000240084001600250020002200266650001200288600002200300INLIS00000000000112320240712095956 a0010-07240001161 aResep Mak Nyusss! :b40 Resep Sedap & Terlengkap /cNy. Prudianti Tedjokusuma0 aNy. Prudianti Tedjokusuma aCet II a122 hlm ;c14 x 20 cm aYogyakarta :bAjarmasak,c2022 a641.3 a641.3 NY. r a978-979-911-441-9 4aMasakan04aJulian Ardhiyanto